| 000 | 01979nam a2200421 a 4500 | ||
|---|---|---|---|
| 001 | 00003806 | ||
| 003 | DO-SdBNP | ||
| 005 | 20180314114442.0 | ||
| 007 | 00003806 | ||
| 008 | 091118s2009 dr ac 000 0 spa d | ||
| 020 | _a9789945171754 | ||
| 040 |
_aBPMSU _bspa _cBPMSU |
||
| 082 | 0 | 4 |
_a373.6561 _bL566L 3ro. 2009 |
| 245 | 0 | 0 |
_aLengua y literatura 3 : _beducación media / _cdirección editorial Luis Miguel Aguas Vanin ; coordinación Mónica Volonteri. |
| 260 |
_aSanto Domingo : _bSM, _c2009. |
||
| 300 |
_a279 p. : _bil. ; _c27 cm. |
||
| 490 | 1 | _aEducación en valores | |
| 505 | 0 |
_aTexto expositivo. Neoclasicismo -- _tTexto expositivo. Neoclasicismo -- _tTexto expositivo. Romanticismo -- _tTexto publicitario. Romanticismo -- _tTexto periodístico. Romanticismo -- _tTexto argumentativo. Romanticismo -- _tBiografía y autobiografía. Indigenismo y costunbrismo -- _tEnsayo. Realismo y naturalismo -- _tGeneros literarios. Realismo y naturalismo -- _tCuento. Parnasianismo y simbolismo -- _tCuento policial. Modernismo -- _tÉpica. Modernismo -- _tNovela. Generación española del 98 -- |
|
| 650 | 4 |
_aESPAÑOL _xENSEÑANZA SECUNDARIA |
|
| 650 | 4 |
_aESPAÑOL _xEDUCACIÓN SECUNDARIA |
|
| 650 | 4 |
_aESPAÑOL _xLIBROS DE TEXTOS |
|
| 650 | 4 |
_aESPAÑOL _xESTUDIOS Y EJERCICIOS |
|
| 650 | 4 |
_aEDUCACICIÓN SECUNDARIA _zREPÚBLICA DOMINICANA |
|
| 650 | 4 |
_aLITERATURA _xENSEÑANZA SECUNDARIA |
|
| 650 | 4 |
_aLITERATURA _xEDUCACIÓN SECUNDARIA |
|
| 650 | 4 |
_aLITERATURA _xESTUDIOS Y EJERCICIOS |
|
| 650 | 4 |
_aLITERATURA _xLIBROS DE TEXTOS |
|
| 700 | 1 |
_aAguas Vanin, Luis Miguel, _eed. |
|
| 700 | 1 | _aVolonteri, Mónica | |
| 830 | 0 | _pEducación en valores | |
| 910 | _aValidado. Control de calidad MFF | ||
| 942 |
_2ddc _cBK |
||
| 945 | _aRemanejado para la BNPHU / 2018 BT | ||
| 956 |
_aDGARCIA _b10 _c20150806 _lBND01 _h0948 |
||
| 956 |
_aLOPEREZ _b10 _c20150807 _lBND01 _h1255 |
||
| 956 |
_aVMATEO _b10 _c20150813 _lBPMSU _h00151 |
||
| 956 |
_aLOPEREZ _b10 _c20160401 _lBPMSU _h00260 |
||
| 999 |
_c9485 _d9485 |
||